| 000 | 00850nam a22002417a 4500 | ||
|---|---|---|---|
| 999 |
_c17160 _d17160 |
||
| 003 | AR-CdUCM | ||
| 008 | 190507b ||||| |||| 00| 0 spa d | ||
| 040 |
_aMUNICIPALIDAD PROVINCIAL DEL CUSCO _cBIBLIOTECA MUNICIPAL DEL CUSCO |
||
| 082 |
_a375.52 / _bB18 |
||
| 100 |
_aBallón Echegaray, Eduardo _930686 |
||
| 245 | _aLa condición del maestro en el Perú / | ||
| 260 |
_aLima : _bDESCO, _c1979. |
||
| 300 |
_a172 páginas ; _c17 cm. |
||
| 440 |
_aPraxis ; _n14 _937018 |
||
| 505 | _aContenido: La situación material del maestro -- La formación de los maestros -- La practica social de los maestros... | ||
| 650 |
_aEducadores _91065 |
||
| 650 |
_aPerú _935 |
||
| 650 |
_aCondiciones sociales _91132 |
||
| 700 |
_aPezo del Pino, César _930684 |
||
| 700 |
_aPeirano Falconí, Luis _922316 |
||
| 942 |
_2ddc _cLIBROS |
||
| 945 |
_aacv _d2019-05-07 |
||